Online
Catalog

El espíritu del rotary dentro de la concepción de la gloria en Bolívar / (Record no. 30863)

MARC details
000 -CABECERA
campo de control de longitud fija 00529nam a2200145 a 4500
001 - NÚMERO DE CONTROL
campo de control 000031371
005 - FECHA Y HORA DE LA ÚLTIMA TRANSACCIÓN
campo de control 20200930062902.0
008 - DATOS DE LONGITUD FIJA--INFORMACIÓN GENERAL
campo de control de longitud fija 110620s19uu dr 000 0 spa d
040 ## - FUENTE DE LA CATALOGACIÓN
Centro catalogador/agencia de origen DO-SdBNP
Lengua de catalogación spa
Centro/agencia transcriptor BNPHU
049 ## - FONDOS LOCALES (OCLC)
Fondos de biblioteca BNPD
100 1# - ENTRADA PRINCIPAL--NOMBRE DE PERSONA
Nombre de persona Pepper, José Vicente
9 (RLIN) 9263
245 13 - MENCIÓN DE TÍTULO
Título El espíritu del rotary dentro de la concepción de la gloria en Bolívar /
Mención de responsabilidad, etc. José Vicente Pepper.
260 ## - PUBLICACIÓN, DISTRIBUCIÓN, ETC.
Lugar de publicación, distribución, etc. Ciudad Trujillo, República Dominicana :
Nombre del editor, distribuidor, etc. Club Notario de Ciudad Trujillo,
Fecha de publicación, distribución, etc. [195?]
Fabricante Imprenta Arte y Cine
300 ## - DESCRIPCIÓN FÍSICA
Extensión 20 p. ;
Dimensiones 22 cm.
Holdings
Estado de retiro Estado de pérdida No para préstamo Código de colección Localización permanente Ubicación/localización actual Ubicación en estantería Fecha de adquisición Número de inventario Total de préstamos Signatura topográfica completa Código de barras Fecha visto por última vez Precio válido a partir de Tipo de ítem Koha Nota pública
    Excluido de préstamo Patrimonio Dominicano Patrimonio Dominicano Patrimonio Dominicano En catalogación 20.06.2011 LF1   31371-10 25.06.2020 25.06.2020 Libro y Folleto Colección Patrimonio Dominicano Perteneció a la biblioteca personal de Julio Ortega Frier.

Powered by Koha